TH- Vocabulary Words #2 - Statistics

General Stats
  • This quiz has been taken 143 times
  • The average score is 12 of 20
Answer Stats
hint word % Correct
king's chair throne
94%
study of god and religious belief theology
87%
sound of lightning thunder
87%
melt thaw
84%
femur thigh
83%
blood clot; eg coronary or deep vein thrombosis
65%
large crowd throng
64%
pitch; legal in baseball but illegal in cricket throw
62%
θ theta
57%
Becket and Aquinas Thomas
57%
songbird or yeast infection thrush
56%
strike using a closed fist thump
54%
care with money thrift
49%
separate grain from wheat thresh
47%
bully thug
46%
M thousand
44%
prevent thwart
44%
controls fuel flow to an engine throttle
42%
rising air current thermal
33%
Greece's second city Thessaloniki
31%
No matching quizzes found
Score Distribution
Percent of People with Each Score
Percentile by Number Answered
Your Score History
You have not taken this quiz